[Event "Challenge"]
[Site "http://www.queenalice.com/game.php?id=1508988"]
[Date "2017.12.22"]
[Round "-"]
[White "JailtonMaster"]
[Black "Ivacir"]
[Result "0-1"]
[WhiteElo "1981"]
[BlackElo "2118"]

1. e4 c5 2. Nf3 e6 3. d4 cxd4 4. Nxd4 Nc6 5. Nc3 Qc7 6. Be3 a6 7. Be2 Nf6 8. f3
Bb4 9. Qd2 d5 10. a3 Bxc3 11. Qxc3 Bd7 12. Nxc6 Bxc6 13. e5 Nd7 14. f4 O-O 15.
O-O Rac8 16. Qd2 Nb6 17. Kh1 Nc4 18. Bxc4 dxc4 19. Qf2 Bd5 20. Bd4 Qc6 21. c3 b5
22. f5 exf5 23. Kg1 Be4 24. Rad1 Rfe8 25. Rfe1 Re6 26. Re3 Rg6 27. g3 Re8 28.
Qf4 Rg4 29. Qf2 Re6 30. Rc1 Reg6 31. Rce1 h5 32. h3 f4 33. Rxe4 Rxg3+ 34. Kf1
Qe6 35. Rxf4 Qxh3+ 0-1

[Event "Chess II"]
[Site "http://www.queenalice.com/game.php?id=1522824"]
[Date "2018.4.8"]
[Round "3"]
[White "Ivacir"]
[Black "HakunaMatata"]
[Result "1-0"]
[WhiteElo "2128"]
[BlackElo "2198"]

1. e4 e6 2. d4 d5 3. Nc3 Nf6 4. e5 Nfd7 5. f4 c5 6. Nf3 Nc6 7. Be3 Qb6 8. Na4
Qa5+ 9. c3 cxd4 10. b4 Nxb4 11. cxb4 Bxb4+ 12. Bd2 Bxd2+ 13. Nxd2 O-O 14. Bd3 b5
15. Nb2 Nb6 16. O-O Nc4 17. Nbxc4 bxc4 18. Bxh7+ Kxh7 19. Qh5+ Kg8 20. Nf3 Qc3
21. Ng5 Qe3+ 22. Rf2 Qd3 23. f5 Rd8 24. Qxf7+ Kh8 25. Qh5+ Kg8 26. Qh7+ Kf8 27.
Qh8+ Ke7 28. Qxg7+ Ke8 29. Qf7# 1-0

[Event "OS INCLIVES"]
[Site "http://www.queenalice.com/game.php?id=1524679"]
[Date "2018.4.23"]
[Round "-"]
[White "adelio"]
[Black "Ivacir"]
[Result "0-1"]
[WhiteElo "1527"]
[BlackElo "2142"]

1. d4 Nf6 2. c4 e6 3. Nc3 Bb4 4. Bd2 O-O 5. a3 Bxc3 6. bxc3 Nc6 7. Bg5 d5 8. e3
b6 9. Bd3 Nb8 10. Bxf6 Qxf6 11. Nf3 Bb7 12. h4 h6 13. h5 Nd7 14. Nh4 dxc4 15.
Bf1 c5 16. Qc2 cxd4 17. cxd4 Rac8 0-1

[Event "Challenge"]
[Site "http://www.queenalice.com/game.php?id=1525873"]
[Date "2018.5.2"]
[Round "-"]
[White "Lapoule"]
[Black "Ivacir"]
[Result "0-1"]
[WhiteElo "1988"]
[BlackElo "2151"]

1. e4 c5 2. Nc3 e6 3. d4 cxd4 4. Qxd4 Nc6 5. Qd1 a6 6. Nf3 Qc7 7. a3 Nf6 8. b4
b5 9. g3 Be7 10. Bg2 Nxb4 11. Bd2 Nc6 12. O-O O-O 13. e5 Ne8 14. Bf4 d5 15. Re1
Bb7 16. h4 Na5 17. Qd3 Rc8 18. Bd2 Nc4 19. Bc1 Nxe5 20. Nxe5 Qxc3 21. Qxc3 Rxc3
22. Nd7 Rxc2 23. Rd1 Nd6 24. Nxf8 Kxf8 25. Bf1 Nc4 26. Bd3 Rc3 27. Bxh7 Bc5 28.
Rd3 Rc2 29. Rf3 f5 30. g4 Ne5 31. Rb3 Bxf2+ 32. Kf1 Bd4 33. Rab1 Nxg4 34. Rd3
Bc3 35. Be3 Nh2+ 36. Kg1 d4 37. Bf2 Nf3+ 38. Kf1 Nd2+ 39. Rxd2 Rxd2 40. Bg6 Ke7
41. h5 Be4 42. Rc1 e5 43. Bh4+ Ke6 44. Bg5 Rh2 45. Be3 Ra2 0-1

[Event "Challenge"]
[Site "http://www.queenalice.com/game.php?id=1525874"]
[Date "2018.5.2"]
[Round "-"]
[White "Ivacir"]
[Black "Lapoule"]
[Result "1-0"]
[WhiteElo "2143"]
[BlackElo "2010"]

1. e4 e6 2. d4 d5 3. Nc3 a6 4. Nf3 Bb4 5. e5 Bxc3+ 6. bxc3 b5 7. Bd3 h6 8. O-O
Ne7 9. Ba3 Nd7 10. Nd2 Nf5 11. Bxf5 exf5 12. e6 Nf6 13. e7 Qd7 14. Nf3 a5 15.
Ne5 Qe6 16. Re1 Ne4 17. Bb2 Qd6 18. f3 Nf6 19. a4 b4 20. Qd3 Be6 21. cxb4 axb4
22. Qb5+ Nd7 23. Nc6 Nb6 24. Nxb4+ Bd7 25. Qc5 Nc4 26. Nxd5 Rc8 27. Qxc4 Be6 28.
Rxe6 fxe6 29. Nb4 c5 30. Nd3 Kxe7 31. dxc5 Kf8 32. Re1 Kf7 33. Ne5+ Kf8 34. cxd6
Rxc4 35. Nxc4 Kf7 36. Ne5+ Ke8 37. d7+ Ke7 38. Rd1 Kd8 39. Nf7+ 1-0

[Event "AUTO-MASTER-3083"]
[Site "http://www.queenalice.com/game.php?id=1779515"]
[Date "2022.1.7"]
[Round "1"]
[White "Ivacir"]
[Black "rmvwoods"]
[Result "1/2-1/2"]
[WhiteElo "2168"]
[BlackElo "2162"]

1. e4 d6 2. d4 Nf6 3. Nc3 c6 4. Nf3 Bg4 5. Be2 e6 6. O-O Nbd7 7. Bg5 Be7 8. Re1
h6 9. Bh4 O-O 10. d5 e5 11. Bg3 Nh5 12. Rf1 Nxg3 13. fxg3 Nf6 14. Nh4 Bxe2 15.
Qxe2 Nh7 16. Nf5 g6 17. Nxh6+ Kg7 18. Ng4 Nf6 19. Nxf6 Bxf6 20. Qf3 Bg5 21. h4
Be7 22. Kh1 f5 23. exf5 Rxf5 24. Qe4 Qf8 25. Rxf5 Qxf5 26. dxc6 Qxe4 27. Nxe4
bxc6 1/2-1/2

[Event "AUTO-MASTER-3083"]
[Site "http://www.queenalice.com/game.php?id=1779516"]
[Date "2022.1.7"]
[Round "1"]
[White "rmvwoods"]
[Black "Ivacir"]
[Result "1/2-1/2"]
[WhiteElo "2162"]
[BlackElo "2168"]

1. d4 Nf6 2. c4 g6 3. Nc3 Bg7 4. e4 d6 5. f4 O-O 6. Be2 Nbd7 7. Nf3 c5 8. O-O
cxd4 9. Nxd4 Nc5 10. Bf3 e5 11. fxe5 dxe5 12. Nde2 Be6 13. Be3 Qe7 14. b3 Rfd8
15. Qc2 Nfd7 16. Rad1 Nb6 17. Nd5 Bxd5 18. exd5 Rac8 19. b4 Ncd7 20. d6 Qh4 21.
c5 Qxb4 22. Bxb7 Nc4 23. Qb3 Qxb3 24. axb3 Nxe3 25. c6 Rxc6 26. Bxc6 Nxf1 27.
Kxf1 Nf6 28. Nc3 Ng4 29. Ke2 Nxh2 1/2-1/2

[Event "AUTO-MASTER-3083"]
[Site "http://www.queenalice.com/game.php?id=1779519"]
[Date "2022.1.7"]
[Round "1"]
[White "Ivacir"]
[Black "Fredo"]
[Result "1-0"]
[WhiteElo "2168"]
[BlackElo "1950"]

1. e4 c5 2. Nf3 d6 3. d4 cxd4 4. Nxd4 Nf6 5. Nc3 a6 6. Be3 g6 7. Be2 Bg7 8. O-O
O-O 9. f4 e5 10. Nb3 Nbd7 11. Qxd6 exf4 12. Bxf4 b5 13. Bf3 Bb7 14. Rad1 b4 15.
Qxb4 Qc8 16. Qd6 Rd8 17. Qc7 Nh5 18. Bxh5 gxh5 19. Na5 Bxc3 20. Qxc8 Bxc8 21.
bxc3 Kf8 22. Bd6+ Kg7 23. Rd3 Nf6 24. Be7 Rxd3 25. Bxf6+ Kg6 26. cxd3 1-0

[Event "AUTO-MASTER-3083"]
[Site "http://www.queenalice.com/game.php?id=1779520"]
[Date "2022.1.7"]
[Round "1"]
[White "Fredo"]
[Black "Ivacir"]
[Result "0-1"]
[WhiteElo "2036"]
[BlackElo "2158"]

1. e4 c5 2. Nf3 e6 3. d4 cxd4 4. Nxd4 a6 5. Be3 Qc7 6. c4 Nf6 7. Nc3 Bb4 8. Bd3
Nc6 9. O-O O-O 10. Nce2 Rd8 11. a3 Be7 12. Kh1 d5 13. Rc1 dxe4 14. Nxc6 bxc6 15.
Bb1 Rxd1 0-1

[Event "AUTO-MASTER-3083"]
[Site "http://www.queenalice.com/game.php?id=1791942"]
[Date "2022.7.3"]
[Round "2"]
[White "CCapivara"]
[Black "Ivacir"]
[Result "1/2-1/2"]
[WhiteElo "2202"]
[BlackElo "2186"]

1. e4 c5 2. Nf3 e6 3. d4 cxd4 4. Nxd4 a6 5. a3 Qc7 6. Nc3 Nf6 7. Be3 Be7 8. Bd3
Nc6 9. Nxc6 dxc6 10. O-O O-O 11. f4 e5 12. f5 b5 13. g4 Nd7 14. g5 Bc5 15. Bxc5
Nxc5 16. Qh5 Qb6 17. Kg2 Nxd3 18. cxd3 Qd4 19. Rf3 g6 20. Qh6 gxf5 21. Rh3 Rd8
22. Qxh7+ Kf8 23. exf5 Qg4+ 24. Rg3 Qxf5 25. Qh4 Rxd3 26. Rxd3 Qxd3 27. Qh8+ Ke7
28. Qxe5+ Be6 29. Rd1 Qh3+ 30. Kg1 Qg4+ 31. Kh1 Qf3+ 32. Kg1 Qg4+ 33. Kf2 Qf5+
34. Qxf5 1/2-1/2

[Event "AUTO-MASTER-3083"]
[Site "http://www.queenalice.com/game.php?id=1791943"]
[Date "2022.7.3"]
[Round "2"]
[White "Ivacir"]
[Black "CCapivara"]
[Result "1-0"]
[WhiteElo "2173"]
[BlackElo "2195"]

1. e4 d6 2. d4 Nf6 3. Nc3 c6 4. Nf3 Bg4 5. Be2 Nbd7 6. O-O e5 7. dxe5 dxe5 8.
Bg5 Bb4 9. Nh4 Be6 10. f4 Bxc3 11. bxc3 exf4 12. Rxf4 h6 13. Bxf6 Nxf6 14. Nf5
Bxf5 15. Rxf5 O-O 16. Bd3 Re8 17. Qf3 Qe7 18. Rf1 Rf8 19. g4 b5 20. g5 hxg5 21.
Rxg5 Nd7 22. Rxg7+ Kxg7 23. Qg4+ Kh8 24. Rf5 Nf6 25. Qh4+ 1-0

[Event "AUTO-MASTER-3083"]
[Site "http://www.queenalice.com/game.php?id=1791945"]
[Date "2022.7.3"]
[Round "2"]
[White "Ivacir"]
[Black "Deo"]
[Result "1-0"]
[WhiteElo "2187"]
[BlackElo "2180"]

1. e4 e5 2. f4 d5 3. exd5 exf4 4. Nf3 Bg4 5. Nc3 Bd6 6. d4 Ne7 7. Bc4 O-O 8. O-O
Nd7 9. Qd3 Nf6 10. Ne5 Bf5 11. Qf3 1-0

[Event "Challenge"]
[Site "http://www.queenalice.com/game.php?id=1792346"]
[Date "2022.7.12"]
[Round "-"]
[White "Ivacir"]
[Black "JORAM2205"]
[Result "0-1"]
[WhiteElo "2186"]
[BlackElo "2183"]

1. e4 c5 2. Nf3 d6 3. d4 cxd4 4. Nxd4 Nf6 5. Nc3 a6 6. Be3 e6 7. Be2 Be7 8. O-O
O-O 9. f4 Qc7 10. Bf3 Nc6 11. Kh1 Na5 12. Be2 b5 13. a3 Nc4 14. Bxc4 bxc4 15.
Qe2 Rb8 16. Rab1 Bd7 17. Na2 Nxe4 18. Nb4 Qc8 19. c3 a5 20. Nbc2 Qc7 21. Qf3 d5
22. f5 Bd6 23. fxe6 fxe6 24. Qh5 Rxf1+ 25. Rxf1 g6 26. Qf3 Rf8 27. Qe2 Rxf1+ 28.
Qxf1 Bxh2 29. Qf3 Be5 30. Bh6 Qd8 31. a4 Qh4+ 32. Qh3 Nf2+ 0-1

[Event "Challenge"]
[Site "http://www.queenalice.com/game.php?id=1794731"]
[Date "2022.8.22"]
[Round "-"]
[White "Ivacir"]
[Black "Ron39"]
[Result "1/2-1/2"]
[WhiteElo "2199"]
[BlackElo "2260"]

1. e4 c5 2. Nf3 d6 3. d4 cxd4 4. Nxd4 Nf6 5. Nc3 a6 6. Be3 e6 7. Be2 Be7 8. O-O
O-O 9. f4 Qc7 10. Bf3 Nbd7 11. Qd2 Nb6 12. b3 d5 13. a3 dxe4 14. Nxe4 Rd8 15.
Qf2 Nbd5 16. Nxf6+ Bxf6 17. Bxd5 Bxd4 18. Bxd4 Rxd5 19. Be5 Qe7 20. Rfd1 Rxd1+
21. Rxd1 b5 22. Qb6 Bb7 23. Bc7 1/2-1/2